000 04254cam a22012854i 4500
003 PE-LiUPU
005 20250813185316.0
008 150625s2014 pe a r 000 0 spa d
020 _a9786124661334
035 _a(Sirsi) i9786124661334
040 _aPE-LiUPU
_bspa
_cPE-LiUPU
_erda
049 _aPRUA
082 0 4 _a332.6
_bA59 2014
_221
100 1 _aAndía Valencia, Walter,
_d1973- ,
_eautor.
245 1 0 _aProyectos de inversión :
_bguía para su formulación y evaluación estratégica /
_cWalter Andía Valencia.
250 _aCuarta edición.
264 1 _aLima :
_bEdiciones Arte y Pluma,
_c2014.
300 _a415 páginas :
_bilustraciones ;
_c25 centímetros.
336 _atext
_2rdacontent
337 _aunmediated
_2rdamedia
338 _avolume
_2rdacarrier
505 0 _aFormulación estratégica de proyectos de inversión -- Clasificación de los proyectos -- Estudio de mercado -- El tamaño del proyecto -- Localización de proyectos -- Diseño del proceso productivo -- El estudio de la organización del proyecto -- Aspectos legales -- Las inversiones del proyecto -- Financiamiento -- Estructura de costos -- Construcción de flujos de caja -- La evaluación de proyectos -- Efectos de la inflación en la evaluación -- El riesgo en la evaluación de proyectos.
526 _aP202
526 _aP201
526 _aP163
526 _aP162
526 _aP161
526 _aP160
526 _aP148
526 _aP147
526 _aP146
526 _aP145
526 _aP144
526 _aP143
526 _aP142
526 _aP141
526 _aP140
526 _aP139
526 _aP138
526 _aP137
526 _aP136
526 _aP135
526 _aP134
526 _aP133
526 _aP129
526 _aP128
526 _aP127
526 _aP120
526 _aP119
526 _aP118
526 _aP116
526 _aP115
526 _aP114
526 _aP110
526 _aP109
526 _aP108
526 _aP104
526 _aP103
526 _aP102
526 _aP99
526 _aP98
526 _aP97
526 _aP96
526 _aP95
526 _aP93
526 _aP90
526 _aP89
526 _aP88
526 _aP83
526 _aP82
526 _aP62
526 _aP59
526 _aP58
526 _aP57
526 _aP51
526 _aP49
526 _aP48
526 _aP47
526 _aP29
526 _aP24
526 _aP20
526 _aP19
526 _aP17
526 _aP15
526 _aP14
526 _aP12
526 _aP10
526 _aP09
526 _aP08
526 _aP07
526 _aP06
526 _aP05
526 _aP04
526 _aP01
541 _g0001-000641;
541 _Contabilidad;
_FJ00135, FJ03686.
650 0 4 _aEvaluación de proyectos
_xEstudio y enseñanza
_vManuales, etc.
650 0 4 _aProyectos de desarrollo económico.
650 0 4 _aProyectos de desarrollo
_xEstudio y enseñanza
_vManuales, etc.
910 _ajck
_bjv
_cjck
_d20150803
942 _2ddc
_cBOOK
949 _a332.6 A59 2014
_wDEWEY
_c1
_i74289
_lCCODEBUL1
_mBUL
_p14.74
_r0
_sY
_tBOOK
_u2016-9-12
_xFCE
_PP08
_0COMPRA
_o.STAFF. Colección Empresariales
949 _a332.6 A59 2014
_wDEWEY
_c1
_iFJ00135
_lCCODEBUJ1
_mBUJ
_p18.00
_r0
_sY
_tBOOK
_u2015-08-03
_xFCE
_PP08
_0COMPRA
_o.STAFF. Colección General Juliaca
949 _a332.6 A59 2014
_wDEWEY
_c2
_iFJ03686
_lCCODEBUJ1
_mBUJ
_p18.00
_r0
_sY
_tBOOK
_u2016-11-2
_xFCE
_PP08
_0COMPRA
_o.STAFF. Colección General Juliaca
994 _aC0
_bPEPRU
596 _a1 3
999 _a332.6 A59 2014
_wDEWEY
_c6626
_iFJ00135
_e2017-5-31
_f2022-1-18
_g7
_lCCODEBUJ1
_mBUJ
_n1
_p18.00
_r0
_sY
_tBOOK
_u2015-8-3
_xFCE
_PP08
_0COMPRA
_d6626
999 _a332.6 A59 2014
_wDEWEY
_c2
_iFJ03686
_d2019-11-20
_e2018-3-27
_f2022-1-18
_g4
_lCCODEBUJ1
_mBUJ
_n4
_p18.00
_q3
_r0
_sY
_tBOOK
_u2016-11-2
_xFCE
_PP08
_0COMPRA
_o.STAFF. Colección General Juliaca
999 _a332.6 A59 2014
_wDEWEY
_c1
_i74289
_d2019-10-22
_e2019-10-18
_f2021-11-5
_g6
_lCCODEBUL1
_mBUL
_n4
_p14.74
_q2
_r0
_sY
_tBOOK
_u2016-9-12
_xFCE
_PP08
_0COMPRA
_o.STAFF. Colección Empresariales
980 _81
_gALBERTO SANCHEZ Responsable de Automatización